Les Principaux Rôles de Tom Hanks au Cinéma - Statistiques

Statistiques générales
  • Ce quiz a été pris 105 fois
  • Le résultat moyen est 7 sur 24
Statistiques - réponses
Hint Réponse % Correct
Forrest Gump Forrest Gump
88%
Geppeto Pinocchio
83%
Chesley "Sully" Sullenberger Sully
68%
Richard Phillips Capitaine Phillips
57%
Capitaine John H. Miller Il faut sauver le Soldat Ryan
55%
Paul Edgecomb La Ligne Verte
45%
Viktor Navorski Le Terminal
44%
Robert Langdon Da Vinci Code
38%
Walt Disney Dans l'ombre de Mary
35%
Jim Lovell Apollo 13
30%
Carl Hanratty Arrête-moi si tu peux
30%
Andrew Beckett Philadelphia
29%
Otto Anderson Le Pire Voisin au Monde
27%
Chuck Noland Seul au Monde
19%
Scott Turner Turner et Hooch
19%
Colonel Tom Parker Elvis
18%
Josh Baskin Big
12%
Michael Sullivan Les Sentiers de la Perdition
8%
Allen Bauer Splash
8%
Benjamin Bradlee Pentagon Papers
6%
Joe Fox Vous avez un Message
6%
Sherman McCoy Le Bûcher des Vanités
5%
Thomas Schell Extrêmement fort et incroyablement près
3%
Jimmy Duggan Une équipe hors du commun
3%
Aucun quiz correspondant
Distribution des résultats
% des personnes avec chaque résultat
Percentile par nombre de réponses
Votre historique - résultats
Vous n’avez pas pris ce quiz